000 00689nam a2200289Ia 4500
005 20260324122513.0
008 008 260324s9999 xx 000 0 eng d
020 _a9780203074732
037 _aEBOOK
040 _aCRL
040 _beng
040 _cCRL
041 _2eng
041 _aeng
084 _qCRL
100 _aRosa Freedman
_91166691
245 4 _aThe United Nations Human Rights Council
245 2 _bA critique and early assessment
260 _bTaylor and Francis
260 _c2013
365 _a
365 _b240
856 _uhttp://www.taylorfrancis.com/books/9780203074732
942 _cEBOOK
999 _c1759503
_d1759503